000 00456nam a2200157 4500
001 120564
003 ES-MaACL
007 t|
008 070214s1931 sp r ||||1| spa d
100 1 _aPoisson, Ernest.
_992772
245 1 3 _aLa república cooperativa /
_cErnest Poisson ; traducción de E. Cebrián Gay.
260 _aBarcelona :
_bCervantes,
_c1931.
300 _a310 p. ;
_c19 cm.
700 1 _aCebrián Gay, E.
_937300
852 _aES-MaACL
_jB-9073
999 _c120564
_d120564